00249nam a2200109Ia 4500008004100000020002200041041000800063100001300071245001900084260002800103300000800131230822s2011 xx 000 0 und d a978-0-470-68895-3 aeng aRAND AYN aATLAS STRUGGED bPENGUIN BOOKS LTDc2011 a272